000 00661nam a22002177a 4500
003 OSt
005 20251215090448.0
008 251215b |||||||| |||| 00| 0 eng d
020 _a1-56052-688-2.
040 _aDWCL-Main lib
_cOC
082 _aGR. 372.677 S559m 2005
100 _aShouse, Deborah
245 _aMaking your message memorable :
_bcommuicating through stories
_cShouse, Deborah
260 _aMenlo Park, Calif. :
_bCrisp Learning,
_cc2005.
300 _axii, 108 pages :
_billustration ;
_c25 cm.
650 _21. Language arts.
650 _22. Storytelling.
700 _aZoglin, Ron
700 _aFenner, Susan
942 _2ddc
_cGR
_kGR.
_n0
999 _c7098
_d7098